000
00300nam a2200133Ia 4500
100
_a
Cambel/A.B
942
_c
BK
654
_a
Fluid Mechanics
245
_a
Plasma Physics & Magnet Fluid Mechanics
260
_b
McGraw Hill
_a
Newyork
_c
1963
082
_a
629
_b
CAM
546
_a
ENGLISH
999
_c
28451
_d
28451